<?xml version="1.0" encoding="UTF-8"?><?xml-stylesheet type="text/xsl" href="static/style.xsl"?><OAI-PMH xmlns="http://www.openarchives.org/OAI/2.0/" xmlns:xsi="http://www.w3.org/2001/XMLSchema-instance" xsi:schemaLocation="http://www.openarchives.org/OAI/2.0/ http://www.openarchives.org/OAI/2.0/OAI-PMH.xsd"><responseDate>2026-04-13T03:07:53Z</responseDate><request verb="GetRecord" identifier="oai:www.recercat.cat:2117/371378" metadataPrefix="marc">https://recercat.cat/oai/request</request><GetRecord><record><header><identifier>oai:recercat.cat:2117/371378</identifier><datestamp>2025-07-17T08:03:08Z</datestamp><setSpec>com_2072_1033</setSpec><setSpec>col_2072_452950</setSpec></header><metadata><record xmlns="http://www.loc.gov/MARC21/slim" xmlns:dcterms="http://purl.org/dc/terms/" xmlns:xsi="http://www.w3.org/2001/XMLSchema-instance" xmlns:doc="http://www.lyncode.com/xoai" xsi:schemaLocation="http://www.loc.gov/MARC21/slim http://www.loc.gov/standards/marcxml/schema/MARC21slim.xsd">
   <leader>00925njm 22002777a 4500</leader>
   <datafield ind2=" " ind1=" " tag="042">
      <subfield code="a">dc</subfield>
   </datafield>
   <datafield ind2=" " ind1=" " tag="720">
      <subfield code="a">Cabrera Velez, Esteban</subfield>
      <subfield code="e">author</subfield>
   </datafield>
   <datafield ind2=" " ind1=" " tag="720">
      <subfield code="a">González Drigo, José Ramón</subfield>
      <subfield code="e">author</subfield>
   </datafield>
   <datafield ind2=" " ind1=" " tag="720">
      <subfield code="a">Luzi, Guido</subfield>
      <subfield code="e">author</subfield>
   </datafield>
   <datafield ind2=" " ind1=" " tag="720">
      <subfield code="a">Vargas Alzate, Yeudy Felipe</subfield>
      <subfield code="e">author</subfield>
   </datafield>
   <datafield ind2=" " ind1=" " tag="720">
      <subfield code="a">Pujades Beneit, Lluís</subfield>
      <subfield code="e">author</subfield>
   </datafield>
   <datafield ind2=" " ind1=" " tag="260">
      <subfield code="c">2018</subfield>
   </datafield>
   <datafield ind2=" " ind1=" " tag="520">
      <subfield code="a">Ambient vibration testing has become a useful tool to assess the operational conditions of any existing structure, and allows the engineers to maintain a continuous monitoring in order to check its structural health conditions. In this paper an experimental survey performed by means of an original interferometric technique applied on a real building damaged after the Mw 5.1, may 11th 2011, Lorca earthquake (southeast Spain) is presented and discussed. This interferometric technique, based on real aperture radar (RAR), allows an easy, non-invasive and contactless procedure to evaluate the dynamic response of a building excited by ambient vibration noise. Contemporaneously, a 3D computational model of the monitored structure has been developed and an equivalent non-linear static analysis has been performed. The capacity spectrum method and a specific fragility model were used in order to obtain a global damage index of the structure. A specific post process of the RAR output combined with the numerical analysis of the modelled structure should help to establish the damage condition of the building in the aforementioned specific post-earthquake scenario, in order to estimate the occupancy conditions. The results of the computational assessment are consistent with the observed damage and with the results of the experimental RAR survey. The consistency of the results allows considering the interferometric RAR technique as an interesting alternative, or, in any case, a complementary non-invasive prospecting tool to assess the structural health conditions in a post-earthquake scenario.</subfield>
   </datafield>
   <datafield ind2=" " ind1=" " tag="520">
      <subfield code="a">This research has been partially funded by the Ministry of Economy and Competitiveness (Ministerio de Economía y Competitividad-MINECO) of the Spanish Government and by the European Regional Development Fund (FEDER) of the European Union (UE) through projects referenced as CGL2011-23621 and CGL2015-65913-P (MINECO/FEDER, UE). Mr. Esteban Cabrera, sponsored by the University of Azuay (UDA), obtained a scholarship from the Ministry of Higher Education, Science and Technology, SENESCYT, Government of Ecuador, for doctoral studies in the Earthquake Engineering program of the UPC-Barcelona Tech.</subfield>
   </datafield>
   <datafield ind2=" " ind1=" " tag="520">
      <subfield code="a">Postprint (published version)</subfield>
   </datafield>
   <datafield tag="653" ind2=" " ind1=" ">
      <subfield code="a">Àrees temàtiques de la UPC::Enginyeria civil::Geotècnia::Sismologia</subfield>
   </datafield>
   <datafield tag="653" ind2=" " ind1=" ">
      <subfield code="a">Àrees temàtiques de la UPC::Enginyeria civil::Materials i estructures</subfield>
   </datafield>
   <datafield tag="653" ind2=" " ind1=" ">
      <subfield code="a">Buildings -- Earthquake effects</subfield>
   </datafield>
   <datafield tag="653" ind2=" " ind1=" ">
      <subfield code="a">Ambient vibration</subfield>
   </datafield>
   <datafield tag="653" ind2=" " ind1=" ">
      <subfield code="a">Capacity spectrum</subfield>
   </datafield>
   <datafield tag="653" ind2=" " ind1=" ">
      <subfield code="a">Damage index</subfield>
   </datafield>
   <datafield tag="653" ind2=" " ind1=" ">
      <subfield code="a">Non-invasive</subfield>
   </datafield>
   <datafield tag="653" ind2=" " ind1=" ">
      <subfield code="a">Real aperture radar</subfield>
   </datafield>
   <datafield tag="653" ind2=" " ind1=" ">
      <subfield code="a">Edificis -- Efecte dels terratrèmols</subfield>
   </datafield>
   <datafield ind2="0" ind1="0" tag="245">
      <subfield code="a">Real aperture radar: an interferometric technique to assess earthquake damaged structures</subfield>
   </datafield>
</record></metadata></record></GetRecord></OAI-PMH>